<?xml version="1.0" encoding="UTF-8"?><?xml-stylesheet type="text/xsl" href="static/style.xsl"?><OAI-PMH xmlns="http://www.openarchives.org/OAI/2.0/" xmlns:xsi="http://www.w3.org/2001/XMLSchema-instance" xsi:schemaLocation="http://www.openarchives.org/OAI/2.0/ http://www.openarchives.org/OAI/2.0/OAI-PMH.xsd"><responseDate>2026-06-04T19:54:13Z</responseDate><request verb="GetRecord" identifier="oai:riuma.uma.es:10630/45378" metadataPrefix="marc">https://riuma.uma.es/rest/oai/request</request><GetRecord><record><header><identifier>oai:riuma.uma.es:10630/45378</identifier><datestamp>2026-02-12T00:45:54Z</datestamp><setSpec>com_10630_2254</setSpec><setSpec>col_10630_37956</setSpec></header><metadata><record xmlns="http://www.loc.gov/MARC21/slim" xmlns:dcterms="http://purl.org/dc/terms/" xmlns:doc="http://www.lyncode.com/xoai" xmlns:xsi="http://www.w3.org/2001/XMLSchema-instance" xsi:schemaLocation="http://www.loc.gov/MARC21/slim http://www.loc.gov/standards/marcxml/schema/MARC21slim.xsd">
   <leader>00925njm 22002777a 4500</leader>
   <datafield ind2=" " ind1=" " tag="042">
      <subfield code="a">dc</subfield>
   </datafield>
   <datafield ind2=" " ind1=" " tag="720">
      <subfield code="a">Casado-Casado, Belén María</subfield>
      <subfield code="e">author</subfield>
   </datafield>
   <datafield ind2=" " ind1=" " tag="260">
      <subfield code="c">2025</subfield>
   </datafield>
   <datafield ind2=" " ind1=" " tag="520">
      <subfield code="a">En este trabajo pretendemos exponer algunas disfunciones de la regulación civil actual de la crisis familiar relacionadas con la mujer, resaltar ambigüedades que visibilizan situaciones de desigualdad. La ordenación de la crisis familiar refleja el desfase normativo, la necesidad de revisión de conceptos y materias creadas en otra época, figuras jurídicas que estaban destinadas a proteger a una mujer que nada tiene que ver ya con la mujer de hoy en día. El rol de cuidados de la mujer fundamenta algunas de estas desigualdades y exterioriza problemas referidos al género que también debemos abordar desde una nueva óptica. Desde un nuevo enfoque más actual de la materia de análisis podemos ver cómo el derecho pudiera estar provocando perpetuar algunos de los roles de género, como este ya mencionado rol de los cuidados. Igualmente, queremos evidenciar las violencias de género soterradas, también llamadas violencias invisibles, por tener bastante incidencia desde la óptica del Derecho civil y en la situación de crisis familiar, pues estas se plantean desde “nuevas formas de machismo”.
Este trabajo es una alerta, una llamada al cambio de mentalidad, un necesitar pensar desde otro prisma, un intento de hacer un llamamiento a la sociedad “con “copia” al legislador” para avanzar y mejorar hacia una sociedad más justa e igualitaria.</subfield>
   </datafield>
   <datafield ind1="8" ind2=" " tag="024">
      <subfield code="a">CASADO CASADO, BELÉN MARÍA, “Mujer. Nuevas realidades. El rol de cuidados. Contradicciones del Derecho de Familia en la gestión de la crisis familiar”, en Derechos y Libertades de la mujer: perspectiva histórico-jurídica y actual, págs. 270-295, 2025, A Coruña, Colex</subfield>
   </datafield>
   <datafield ind1="8" ind2=" " tag="024">
      <subfield code="a">979-13-7011-346-9</subfield>
   </datafield>
   <datafield ind1="8" ind2=" " tag="024">
      <subfield code="a">https://hdl.handle.net/10630/45378</subfield>
   </datafield>
   <datafield tag="653" ind2=" " ind1=" ">
      <subfield code="a">Igualdad de género</subfield>
   </datafield>
   <datafield ind2="0" ind1="0" tag="245">
      <subfield code="a">Mujer. Nuevas realidades. El rol de cuidados. Contradicciones del Derecho de Familia en la gestión de la crisis familiar</subfield>
   </datafield>
</record>
</metadata></record></GetRecord></OAI-PMH>